[Event "Baltic Cup-B 2nd"]
[Site "Darlowko"]
[Date "2018.07.01"]
[Round "7"]
[White "Kaminski, Marcin1111"]
[Black "Bartoszewski, Marcin"]
[Result "1-0"]
[WhiteElo "1526"]
[BlackElo "2144"]
[PlyCount "105"]
[EventDate "2018.06.24"]
[EventType "swiss"]
[EventRounds "9"]
[EventCountry "POL"]
[SourceTitle "CBM 187 Extra"]
[Source "ChessBase"]
[SourceDate "2018.11.04"]
[SourceVersion "1"]
[SourceVersionDate "2018.11.04"]
[SourceQuality "1"]

1. d4 Nf6 2. c4 g6 3. Nf3 Bg7 4. Nc3 0-0 5. e4 d6 6. Be2 e5 7. 0-0 Nc6 8. d5 Ne7 9. Ne1 Nd7 10. f3 f5 11. g4 fxg4 12. fxg4 Rxf1+ 13. Kxf1 h6 14. Be3 Nf6 15. h4 h5 16. gxh5 Nxh5 17. Bxh5 gxh5 18. Qxh5 Bh3+ 19. Ke2 Qd7 20. Kd2 Rf8 21. Qe2 Bf1 22. Qh2 Bxc4 23. h5 Rf1 24. h6 Bf6 25. Qg2+ Kh7 26. a4 Ng6 27. Ne2 Bxe2 28. Qxe2 Qh3 29. Rc1 Nf4 30. Rxc7+ Kxh6 31. Ng2 Rf3 32. Rc3 Rxe3 33. Rxe3 Qxg2 34. Qxg2 Nxg2 35. Rh3+ Kg6 36. Rc3 Bd8 37. b4 Bh4 38. Rc8 Bg5+ 39. Kc3 Ne3 40. Rg8+ Kh5 41. Rg7 Nd1+ 42. Kc4 Nf2 43. Rxb7 Nxe4 44. Rxa7 Nd2+ 45. Kd3 e4+ 46. Ke2 Nf3 47. Ra8 Nd4+ 48. Kd1 e3 49. Re8 Kg6 50. a5 e2+ 51. Rxe2 Nxe2 52. Kxe2 Bd8 53. Kd3 1-0

[Event "Baltic Cup-B 2nd"]
[Site "Darlowko"]
[Date "2018.06.27"]
[Round "4"]
[White "Bartoszewski, Marcin"]
[Black "Milczarek, Robert"]
[Result "1-0"]
[WhiteElo "2144"]
[BlackElo "1766"]
[PlyCount "149"]
[EventDate "2018.06.24"]
[EventType "swiss"]
[EventRounds "9"]
[EventCountry "POL"]
[SourceTitle "CBM 187 Extra"]
[Source "ChessBase"]
[SourceDate "2018.11.04"]
[SourceVersion "1"]
[SourceVersionDate "2018.11.04"]
[SourceQuality "1"]

1. e4 Nf6 2. e5 Nd5 3. d4 d6 4. c4 Nb6 5. exd6 exd6 6. Nc3 Nc6 7. Be3 Be7 8. b3 0-0 9. Nf3 Bg4 10. d5 Ne5 11. Be2 Bxf3 12. Bxf3 a5 13. a4 Bg5 14. 0-0 f5 15. Bd4 Nbd7 16. Be2 f4 17. f3 b6 18. Bd3 Bh6 19. Qc2 g6 20. Nb5 Bg7 21. Be4 Nc5 22. Rae1 Rc8 23. Bc3 Ra8 24. Nd4 Kh8 25. Qd1 Qh4 26. Bc2 Rf7 27. Re2 Raf8 28. Qb1 Qe7 29. Rfe1 Qg5 30. Bb2 Qf6 31. Kh1 Rg8 32. Nc6 Ncd7 33. Qa1 Re8 34. Bc3 Kg8 35. c5 bxc5 36. Nxa5 Qg5 37. Nc6 Ref8 38. Nxe5 Nxe5 39. a5 Ra8 40. Re4 Rff8 41. a6 Ra7 42. Ra4 Rfa8 43. Bxe5 Bxe5 44. Qa2 Qh4 45. Rd1 Qf2 46. Bd3 Qe3 47. Qe2 Bd4 48. Qxe3 fxe3 49. g3 Re8 50. Kg2 e2 51. Re1 Re3 52. Bc4 Kg7 53. Rxe2 Rxe2+ 54. Bxe2 Kf6 55. Bb5 g5 56. Bc6 Ke5 57. Bb7 h6 58. Kf1 h5 59. h3 h4 60. Kg2 Kf5 61. Ra2 hxg3 62. Kxg3 Be5+ 63. Kg2 Kf4 64. Re2 Kf5 65. Re4 Kf6 66. Kf1 Kf5 67. Ke2 Kf6 68. Kd3 Ke7 69. Kc4 Kd7 70. Rg4 Bf6 71. f4 gxf4 72. Rxf4 Ke7 73. Kb5 Be5 74. Rf5 Bd4 75. Kc6 1-0

[Event "Baltic Cup-B 2nd"]
[Site "Darlowko"]
[Date "2018.06.24"]
[Round "1"]
[White "Koruch, Maria"]
[Black "Bartoszewski, Marcin"]
[Result "1-0"]
[WhiteElo "1714"]
[BlackElo "2144"]
[PlyCount "49"]
[EventDate "2018.06.24"]
[EventType "swiss"]
[EventRounds "9"]
[EventCountry "POL"]
[SourceTitle "CBM 187 Extra"]
[Source "ChessBase"]
[SourceDate "2018.11.04"]
[SourceVersion "1"]
[SourceVersionDate "2018.11.04"]
[SourceQuality "1"]

1. e4 e5 2. Nf3 Nc6 3. Bb5 a6 4. Ba4 Nf6 5. 0-0 Be7 6. Re1 b5 7. Bb3 0-0 8. c3 d5 9. exd5 Nxd5 10. Nxe5 Nxe5 11. Rxe5 c6 12. d4 Bd6 13. Re2 Qh4 14. g3 Qh3 15. Qf1 Qh5 16. f3 Bh3 17. Qf2 f5 18. Nd2 Qg6 19. c4 Nf4 20. c5+ Kh8 21. cxd6 Nd3 22. Re6 Qxe6 23. Bxe6 Nxf2 24. Kxf2 Rfe8 25. Bd7 1-0

[Event "Bialystok qual-B"]
[Site "Bialystok"]
[Date "2011.05.??"]
[Round "7"]
[White "Bartoszewski, Marcin"]
[Black "Smirnov, Alexander"]
[Result "0-1"]
[WhiteElo "2144"]
[BlackElo "2171"]
[PlyCount "86"]
[EventDate "2011.05.??"]
[EventType "swiss"]
[EventRounds "9"]
[EventCountry "POL"]
[SourceTitle "EXT 2014"]
[Source "ChessBase"]
[SourceDate "2013.11.20"]
[SourceVersion "1"]
[SourceVersionDate "2013.11.20"]
[SourceQuality "1"]

1. e4 c5 2. Nf3 a6 3. c4 e6 4. Nc3 Qc7 5. Be2 Nc6 6. d4 cxd4 7. Nxd4 Nf6 8. 0-0 Bb4 9. Nxc6 dxc6 10. Qc2 e5 11. Bg5 Be7 12. Na4 c5 13. Nc3 0-0 14. Rad1 h6 15. Bxf6 Bxf6 16. Nd5 Qc6 17. Qc3 Re8 18. Qg3 Bd8 19. f4 exf4 20. Qxf4 Qg6 21. Bf3 Be6 22. Qe3 Rc8 23. Qe2 Qg5 24. e5 Bc7 25. Rfe1 Bb8 26. Rd3 Kh8 27. Re3 Rcd8 28. g3 b5 29. b3 bxc4 30. bxc4 Rd7 31. Kg2 Qd8 32. Qd2 Bc7 33. Qc1 Qc8 34. R1e2 Bd8 35. h4 Bf5 36. Nf6 gxf6 37. exf6 Rxe3 38. Qxe3 Kh7 39. Qe8 Qc7 40. Qf8 Bxf6 41. Re8 Rd2+ 42. Be2 Bg7 43. Qg8+ Kg6 0-1

[Event "Bialystok qual-B"]
[Site "Bialystok"]
[Date "2011.05.??"]
[Round "5"]
[White "Sieklucki, Adam"]
[Black "Bartoszewski, Marcin"]
[Result "0-1"]
[WhiteElo "1847"]
[BlackElo "2144"]
[PlyCount "92"]
[EventDate "2011.05.??"]
[EventType "swiss"]
[EventRounds "9"]
[EventCountry "POL"]
[SourceTitle "EXT 2014"]
[Source "ChessBase"]
[SourceDate "2013.11.20"]
[SourceVersion "1"]
[SourceVersionDate "2013.11.20"]
[SourceQuality "1"]

1. d4 Nf6 2. c4 g6 3. Nc3 Bg7 4. Nf3 0-0 5. Bf4 d6 6. e3 Nbd7 7. Be2 Re8 8. 0-0 c5 9. h3 cxd4 10. exd4 b6 11. Rc1 Bb7 12. Bh2 Rc8 13. d5 a5 14. Bd3 Nc5 15. Re1 e5 16. dxe6 Nxe6 17. Bf1 d5 18. cxd5 Nxd5 19. Nxd5 Qxd5 20. Qxd5 Bxd5 21. b3 Bh6 22. Rcd1 Red8 23. Be5 Bg7 24. Rc1 Bxf3 25. Bxg7 Kxg7 26. gxf3 Rxc1 27. Rxc1 Rd2 28. Rc6 Rxa2 29. Rxb6 Ra1 30. h4 Rb1 31. Ra6 Rxb3 32. Rxa5 Rxf3 33. Kg2 Rc3 34. Ra4 h5 35. Be2 Kh6 36. Bf3 g5 37. Ra6 Rc5 38. hxg5+ Kxg5 39. Ra4 Nf4+ 40. Kh2 Rc2 41. Ra5+ Kh4 42. Kg1 Nh3+ 43. Kh1 Nxf2+ 44. Kg1 Nh3+ 45. Kh1 Kg3 46. Bg2 Rc1+ 0-1

[Event "POL-chT 58th 1st League"]
[Site "Ustron"]
[Date "2002.??.??"]
[Round "?"]
[White "Bartoszewski, Marcin"]
[Black "Murawski, Grzegorz"]
[Result "0-1"]
[WhiteElo "2111"]
[BlackElo "2338"]
[PlyCount "84"]
[EventDate "2002.09.07"]
[EventType "team-tourn"]
[EventRounds "9"]
[EventCountry "POL"]
[SourceTitle "EXT 2019"]
[Source "ChessBase"]
[SourceDate "2018.10.10"]
[SourceVersion "1"]
[SourceVersionDate "2018.10.10"]
[SourceQuality "1"]
[WhiteTeam "Olsztyn Lacznosc"]
[BlackTeam "Kozuchow Odrodzenie"]
[WhiteTeamCountry "POL"]
[BlackTeamCountry "POL"]

1. e4 e5 2. Nf3 d6 3. d4 Nf6 4. Nc3 Nbd7 5. Bc4 Be7 6. 0-0 c6 7. Qe2 b5 8. Bb3 0-0 9. Rd1 Qc7 10. dxe5 dxe5 11. a4 b4 12. Nb1 Nc5 13. Nbd2 Bg4 14. Bc4 Rad8 15. Re1 Rd4 16. c3 bxc3 17. bxc3 Rd7 18. Qe3 Rfd8 19. Ba3 Bxf3 20. Nxf3 Ncxe4 21. Bxe7 Rxe7 22. Bd3 Nxf2 23. Bxh7+ Nxh7 24. Qxf2 Nf6 25. h3 Rd3 26. Qc5 Rd5 27. Qe3 e4 28. Nd4 c5 29. Nb5 Qe5 30. Rad1 Red7 31. Rxd5 Qxd5 32. Qg3 a6 33. Na3 Qb3 34. Rb1 Rd1+ 35. Rxd1 Qxd1+ 36. Kh2 Qxa4 37. c4 Qb4 38. Qe3 a5 39. Qc1 Qb8+ 40. g3 Qb3 41. Nb5 Qf3 42. Qc2 a4 0-1

[Event "POL-chT2"]
[Site "Augustow"]
[Date "1997.??.??"]
[Round "?"]
[White "Mazek, Marek"]
[Black "Bartoszewski, Marcin"]
[Result "1-0"]
[WhiteElo "1800"]
[BlackElo "2135"]
[PlyCount "105"]
[EventDate "1997.??.??"]
[EventType "team"]
[EventRounds "9"]
[EventCountry "POL"]
[SourceTitle "EXT 2003"]
[Source "ChessBase"]
[SourceDate "2002.11.25"]
[SourceVersion "1"]
[SourceVersionDate "2002.11.25"]
[SourceQuality "1"]

1. d4 Nf6 2. Nf3 g6 3. c4 c5 4. d5 b5 5. cxb5 a6 6. b6 Qxb6 7. Nc3 d6 8. e4 Bg7 9. a4 0-0 10. a5 Qb4 11. Ra4 Qb7 12. Bc4 Nbd7 13. 0-0 Ne8 14. Qe2 Nc7 15. Ra3 Rb8 16. Rd1 Ne5 17. Nxe5 Bxe5 18. f4 Bg7 19. e5 Nb5 20. Nxb5 axb5 21. a6 Qb6 22. a7 Ra8 23. Rb3 b4 24. e6 Rxa7 25. f5 Ba6 26. Rg3 Bxc4 27. Qxc4 fxe6 28. fxg6 h6 29. Qg4 Ra1 30. Qxe6+ Kh8 31. Rf3 c4+ 32. Kf1 Rxf3+ 33. gxf3 Qd8 34. Re1 Qf8 35. Kg2 c3 36. bxc3 bxc3 37. Qd7 Ra2+ 38. Kg3 Bf6 39. Re4 Kg7 40. Qg4 c2 41. Qh5 Qh8 42. Qf5 Qf8 43. Qh5 Qh8 44. Qf5 Qf8 45. Kg4 h5+ 46. Qxh5 Qh8 47. Qxh8+ Kxh8 48. Rc4 Kg7 49. Kf5 Ra3 50. f4 Ra5 51. Ke6 Kxg6 52. f5+ Kh5 53. Rxc2 1-0